<?xml version="1.0" encoding="UTF-8"?>
<record
    xmlns:xsi="http://www.w3.org/2001/XMLSchema-instance"
    xsi:schemaLocation="http://www.loc.gov/MARC21/slim http://www.loc.gov/standards/marcxml/schema/MARC21slim.xsd"
    xmlns="http://www.loc.gov/MARC21/slim">

  <leader>02076nam a22003377a 4500</leader>
  <controlfield tag="003">OSt</controlfield>
  <controlfield tag="005">20230525093204.0</controlfield>
  <controlfield tag="008">221006b        |||||||| |||| 00| 0 eng d</controlfield>
  <datafield tag="040" ind1=" " ind2=" ">
    <subfield code="c">Biblioteca Lado V</subfield>
  </datafield>
  <datafield tag="082" ind1=" " ind2=" ">
    <subfield code="a">700</subfield>
    <subfield code="b">G599c</subfield>
  </datafield>
  <datafield tag="110" ind1=" " ind2=" ">
    <subfield code="9">831</subfield>
    <subfield code="a">Goethe-Institut</subfield>
    <subfield code="e">Editor</subfield>
  </datafield>
  <datafield tag="245" ind1=" " ind2=" ">
    <subfield code="a">Humboldt/</subfield>
    <subfield code="b">Comer y ser comido/</subfield>
  </datafield>
  <datafield tag="260" ind1=" " ind2=" ">
    <subfield code="b">SDV Saarbrucker Druckerei und Verlag GmbH</subfield>
    <subfield code="c">2005</subfield>
    <subfield code="a">Alemania</subfield>
  </datafield>
  <datafield tag="300" ind1=" " ind2=" ">
    <subfield code="c">21x28cm</subfield>
    <subfield code="a">80p.</subfield>
  </datafield>
  <datafield tag="366" ind1=" " ind2=" ">
    <subfield code="e">spa</subfield>
  </datafield>
  <datafield tag="490" ind1=" " ind2=" ">
    <subfield code="a">142</subfield>
    <subfield code="v">47</subfield>
  </datafield>
  <datafield tag="505" ind1=" " ind2=" ">
    <subfield code="a">Comer y ser comido</subfield>
    <subfield code="g">La gran comilona

Galeria de hambrientos y tendencia de lo digestivo  en el cine latinoamericano

Canibalia

Antropofagia en Gran serton: veredas de joao Guimaraes Rosa

Bajo el sol Jaguar

La metafisica del bacalao o los limites del buen gusto en Manuel Vazquez Montalban

Un artista del hambre

La nutricion vuelve a ser objeto de discusion publica

Revalorando lo antiguo</subfield>
  </datafield>
  <datafield tag="505" ind1=" " ind2=" ">
    <subfield code="a">Notas</subfield>
  </datafield>
  <datafield tag="505" ind1=" " ind2=" ">
    <subfield code="a">Miscelanea</subfield>
    <subfield code="g">La invenci&#xF3;n del barroco

Don Quijote y la muerte

Metamorfosis del Caballero de la triste Figura

Una profanacion de Bayreuth?

Los ni&#xF1;os son simplemente una maravilla

Dioses negros en el exilio

La nueva imagen de la literatura latinoamericana en la vieja Europa

La pianista sonr&#xED;e

Apunte durante los ensayos de No Importa

Adi&#xF3;s a Jacques Derrida

Cr&#xF3;nica de un cambio de &#xE9;poca

Un Hitler humano

La revelaci&#xF3;n o de como el arte no ayuda al coleccionista

Por que Europa es necesaria?</subfield>
  </datafield>
  <datafield tag="505" ind1=" " ind2=" ">
    <subfield code="a">Noticiario</subfield>
  </datafield>
  <datafield tag="650" ind1=" " ind2=" ">
    <subfield code="2">Tesauro de Arte &amp; Arquitectura</subfield>
    <subfield code="a">ARTE</subfield>
    <subfield code="9">703</subfield>
  </datafield>
  <datafield tag="650" ind1=" " ind2=" ">
    <subfield code="2">Tesauro de Arte &amp; Arquitectura</subfield>
    <subfield code="a">PINTURA</subfield>
  </datafield>
  <datafield tag="650" ind1=" " ind2=" ">
    <subfield code="2">Tesauro de Arte &amp; Arquitectura</subfield>
    <subfield code="a">FOTOGRAFIA</subfield>
    <subfield code="9">702</subfield>
  </datafield>
  <datafield tag="650" ind1=" " ind2=" ">
    <subfield code="2">Tesauro de Arte &amp; Arquitectura</subfield>
    <subfield code="a">ENTREVISTAS</subfield>
  </datafield>
  <datafield tag="650" ind1=" " ind2=" ">
    <subfield code="2">Tesauro de Arte &amp; Arquitectura</subfield>
    <subfield code="a">MISCELANEA</subfield>
  </datafield>
  <datafield tag="650" ind1=" " ind2=" ">
    <subfield code="2">Tesauro de Arte &amp; Arquitectura</subfield>
    <subfield code="a">REPORTAJES</subfield>
  </datafield>
  <datafield tag="650" ind1=" " ind2=" ">
    <subfield code="2">Tesauro de Arte &amp; Arquitectura</subfield>
    <subfield code="a">ESPA&#xD1;OL</subfield>
  </datafield>
  <datafield tag="650" ind1=" " ind2=" ">
    <subfield code="2">Tesauro de Arte &amp; Arquitectura</subfield>
    <subfield code="a">ARTE EUROPEO</subfield>
  </datafield>
  <datafield tag="651" ind1=" " ind2=" ">
    <subfield code="2">Tesauro de Arte &amp; Arquitectura</subfield>
    <subfield code="a">ALEMANIA</subfield>
  </datafield>
  <datafield tag="942" ind1=" " ind2=" ">
    <subfield code="2">ddc</subfield>
    <subfield code="c">1</subfield>
    <subfield code="h">700</subfield>
    <subfield code="i">G599c</subfield>
    <subfield code="n">0</subfield>
  </datafield>
  <datafield tag="999" ind1=" " ind2=" ">
    <subfield code="c">3727</subfield>
    <subfield code="d">3727</subfield>
  </datafield>
  <datafield tag="952" ind1=" " ind2=" ">
    <subfield code="0">0</subfield>
    <subfield code="1">0</subfield>
    <subfield code="2">ddc</subfield>
    <subfield code="3">47</subfield>
    <subfield code="4">0</subfield>
    <subfield code="7">0</subfield>
    <subfield code="8">Revistas</subfield>
    <subfield code="a">LV</subfield>
    <subfield code="b">LV</subfield>
    <subfield code="d">2023-05-25</subfield>
    <subfield code="h">142</subfield>
    <subfield code="i">003414</subfield>
    <subfield code="l">0</subfield>
    <subfield code="o">700 G599h</subfield>
    <subfield code="p">003414</subfield>
    <subfield code="r">2023-05-25 00:00:00</subfield>
    <subfield code="w">2023-05-25</subfield>
    <subfield code="y">1</subfield>
  </datafield>
  <datafield tag="952" ind1=" " ind2=" ">
    <subfield code="0">0</subfield>
    <subfield code="1">0</subfield>
    <subfield code="2">ddc</subfield>
    <subfield code="3">47</subfield>
    <subfield code="4">0</subfield>
    <subfield code="7">0</subfield>
    <subfield code="8">Revistas</subfield>
    <subfield code="a">LV</subfield>
    <subfield code="b">LV</subfield>
    <subfield code="d">2023-05-25</subfield>
    <subfield code="h">142</subfield>
    <subfield code="i">003415</subfield>
    <subfield code="l">0</subfield>
    <subfield code="o">700 G599h</subfield>
    <subfield code="p">003415</subfield>
    <subfield code="r">2023-05-25 00:00:00</subfield>
    <subfield code="w">2023-05-25</subfield>
    <subfield code="y">1</subfield>
  </datafield>
</record>
